[Event "DSOL 2022"]
[Site "Germany"]
[Date "2022.03.18"]
[Round "5.2"]
[White "Faldum, Manfred"]
[Black "Zienert, Richard"]
[Result "0-1"]
[WhiteElo "1708"]
[BlackElo "1545"]
[Annotator "NA"]
[PlyCount "166"]
[EventDate "2022.01.31"]
[EventType "team-tourn"]
[EventCountry "GER"]
[SourceTitle "playchess.com"]
[Source "ChessBase"]
[SourceQuality "1"]
[WhiteTeam "SF Heidesheim I"]
[BlackTeam "SK Heidenau I"]
[TimeControl "2700+15"]

1. Nf3 Nf6 2. g3 c5 3. Bg2 Nc6 4. O-O e5 5. c4 d6 6. Nc3 Be6 7. d3 h6 8. Nd2 Qd7 9. Nd5 O-O-O 10. a3 Bh3 11. e3 h5 12. b4 h4 13. Qe2 Bxg2 14. Kxg2 Ne7 15. Nxe7+ Bxe7 16. Ne4 hxg3 17. fxg3 Qh3+ 18. Kg1 Rh5 19. Nxf6 Bxf6 20. Ra2 Rdh8 21. e4 Qd7 22. Qd1 Bg5 23. Bxg5 Rxg5 24. Raf2 Qh3 25. Qf3 f6 26. b5 Qh6 27. Qe3 Qg6 28. Rf5 Rgh5 29. R1f2 Rh3 30. Qf3 Qh6 31. Qe2 Rxg3+ 32. Rg2 Rxg2+ 33. Qxg2 Qe3+ 34. Rf2 Qxd3 35. Qxg7 Qd1+ 36. Kg2 Qh5 37. Kg1 Qh4 38. a4 Rd8 39. Rxf6 Qe1+ 40. Rf1 Qxe4 41. Rf7 Kb8 42. a5 a6 43. bxa6 bxa6 44. Rf2 Qb1+ 45. Kg2 Rc8 46. Rf7 Qe4+ 47. Kg1 Qc6 48. h4 e4 49. h5 e3 50. Re7 Qf3 51. h6 e2 52. h7 Qf1+ 53. Kh2 Qf2+ 54. Kh3 Qf3+ 55. Kh4 Qh1+ 56. Kg5 e1=Q 57. Rxe1 Qxe1 58. h8=Q Qe3+ 59. Kg6 Qe4+ 60. Kg5 Rxh8 61. Qxh8+ Kc7 62. Qg7+ Kc6 63. Qf7 Qg2+ 64. Kh4 Qh1+ 65. Kg3 Qe4 66. Qg8 Qe1+ 67. Kg2 Kd7 68. Qf7+ Qe7 69. Qd5 Qe2+ 70. Kg1 Qg4+ 71. Kf1 Qf4+ 72. Kg2 Kc7 73. Qa8 Qxc4 74. Qa7+ Kd8 75. Qb8+ Ke7 76. Qc7+ Ke6 77. Qc8+ Ke5 78. Qh8+ Ke4 79. Qh7+ Kd4 80. Qg7+ Kd3 81. Qg3+ Kc2 82. Qxd6 Qe2+ 83. Kg3 Qd3+ 0-1

[Event "DSOL 2022"]
[Site "Germany"]
[Date "2022.03.18"]
[Round "5.2"]
[White "Sabirov, Ramil"]
[Black "Haufe, Laurin"]
[Result "1/2-1/2"]
[WhiteElo "1687"]
[BlackElo "1846"]
[Annotator "NA"]
[PlyCount "90"]
[EventDate "2022.01.31"]
[EventType "team-tourn"]
[EventCountry "GER"]
[SourceTitle "playchess.com"]
[Source "ChessBase"]
[SourceQuality "1"]
[WhiteTeam "SG Porz I"]
[BlackTeam "SG Leipzig"]
[TimeControl "2700+15"]

1. Nf3 c5 2. c4 Nf6 3. g3 Nc6 4. Bg2 d5 5. cxd5 Nxd5 6. Nc3 Nc7 7. a3 e5 8. b4 f6 9. bxc5 Bxc5 10. O-O Be6 11. Rb1 Rb8 12. d3 O-O 13. Qa4 Qe7 14. Ne4 Bb6 15. Bd2 Kh8 (15... Nd5 $15 {is more appropriate.}) 16. Rfc1 Rfd8 17. Qc2 Qxa3 18. h4 Qe7 19. h5 Nd5 (19... h6 $17 20. Be3 Bxe3 21. fxe3 a5) 20. h6 g6 21. Qa4 Rbc8 22. Nc3 Kg8 23. Ne4 Rc7 24. Rb5 Rdc8 {[#]} 25. Nc5 $2 {[#]} (25. Nfg5 $1 $16 {[%cal Rg5e6]} fxg5 (25... Kh8 26. Nxe6) 26. Bxg5) 25... a6 $2 (25... Nd8 $1 $19 26. e4 Bxc5 27. exd5 Bxd5) 26. Nxe6 axb5 27. Qxb5 Qxe6 28. Ng5 $1 Nd4 29. Bxd5 {Pin} Rxc1+ (29... Nxb5 $2 30. Bxe6+ Kh8 31. Nf7+ Kg8 32. Nd6+ (32. Bxc8 Rxc1+ 33. Bxc1 Kxf7 $16 34. Bxb7 g5 $16) 32... Kf8 33. Nxc8 $18) 30. Bxc1 Rxc1+ (30... Nxb5 $2 31. Bxe6+ Kh8 32. Nf7+ Kg8 33. Nd6+ Kf8 34. Nxc8 $18) 31. Kg2 Nxb5 32. Bxe6+ Kf8 33. Nxh7+ Ke7 34. Ng5 $1 fxg5 35. h7 Kxe6 36. h8=Q Nd4 37. Qg7 Bd8 38. e3 $11 Nc6 39. Qxb7 Be7 40. Qc8+ Kf7 41. d4 exd4 42. exd4 Rc2 43. Qd7 Nd8 44. Qd5+ Kf8 45. Qf3+ Ke8 1/2-1/2

[Event "DSOL 2022"]
[Site "Germany"]
[Date "2022.03.18"]
[Round "5.2"]
[White "Junker, Reiner"]
[Black "Biastoch, Bennet"]
[Result "0-1"]
[WhiteElo "1593"]
[BlackElo "1620"]
[Annotator "NA"]
[PlyCount "78"]
[EventDate "2022.01.31"]
[EventType "team-tourn"]
[EventCountry "GER"]
[SourceTitle "playchess.com"]
[Source "ChessBase"]
[SourceQuality "1"]
[WhiteTeam "Ludwigshafen"]
[BlackTeam "Magdeburg"]
[TimeControl "2700+15"]

1. g3 d5 2. Bg2 e5 3. d3 Nf6 4. Nf3 Bd6 5. O-O O-O 6. Nc3 c6 7. e4 dxe4 8. dxe4 Na6 9. Qe2 Nc5 10. Rd1 Qe7 11. h3 Ne6 12. Be3 b5 13. a3 a5 14. Qe1 Bb7 15. Nd2 Rfd8 16. Nb3 Nd7 17. Rd2 a4 18. Nc1 Bc5 19. Nd3 Bd4 20. Na2 Nb6 21. Rdd1 Nc4 22. Bc1 Nxa3 23. bxa3 Bxa1 24. c3 c5 25. Be3 Rd7 26. Nxe5 Rxd1 27. Qxd1 Bb2 28. Qe2 Bxa3 29. Qxb5 c4 30. Nxc4 Bc5 31. Bc1 a3 32. Qb3 h5 33. Nb6 Rd8 34. Nd5 Bxd5 35. exd5 Nc7 36. Bf4 Qe1+ 37. Kh2 Qxf2 38. h4 Nxd5 39. Be5 Ne3 0-1

[Event "DSOL 2022"]
[Site "Germany"]
[Date "2022.03.18"]
[Round "5.2"]
[White "Malinowsky, Levi"]
[Black "Dzierzenga, Stefan"]
[Result "1-0"]
[WhiteElo "1548"]
[BlackElo "1632"]
[Annotator "NA"]
[PlyCount "63"]
[EventDate "2022.01.31"]
[EventType "team-tourn"]
[EventCountry "GER"]
[SourceTitle "playchess.com"]
[Source "ChessBase"]
[SourceQuality "1"]
[WhiteTeam "SK Doppelbauer Kiel I"]
[BlackTeam "Kölner SK Dr Lasker III"]
[TimeControl "2700+15"]

1. e4 e6 2. d3 d5 3. Nd2 Ne7 4. Ngf3 g6 5. g3 Bg7 6. Bg2 O-O 7. O-O c5 8. Re1 b6 9. c3 Nbc6 10. Qe2 Ba6 11. e5 Qc7 12. Nf1 h6 13. h4 Rab8 14. Bf4 b5 15. N1h2 b4 16. Ng4 Nf5 17. Qd2 bxc3 18. bxc3 Kh7 19. Nf6+ Kh8 20. g4 Nfe7 21. Bxh6 Ng8 22. Bxg7+ Kxg7 23. h5 Qd8 24. Qg5 Nxf6 25. exf6+ Kh7 26. hxg6+ fxg6 27. Rxe6 Qd7 28. Qh4+ Kg8 29. Ng5 Rf7 30. Qh6 Bxd3 31. Nxf7 Qxe6 32. Qg7# 1-0

[Event "DSOL 2022"]
[Site "Germany"]
[Date "2022.03.18"]
[Round "5.2"]
[White "Schmilinsky, Uwe"]
[Black "Broeker, Christof"]
[Result "1-0"]
[WhiteElo "1513"]
[BlackElo "1696"]
[Annotator "NA"]
[PlyCount "57"]
[EventDate "2022.01.31"]
[EventType "team-tourn"]
[EventCountry "GER"]
[SourceTitle "playchess.com"]
[Source "ChessBase"]
[SourceQuality "1"]
[WhiteTeam "Wittstock"]
[BlackTeam "Höxter"]
[TimeControl "2700+15"]

1. c4 Nf6 2. Nc3 g6 3. g3 Bg7 4. Bg2 c6 5. e3 d5 6. cxd5 cxd5 7. d4 O-O 8. Nge2 Nc6 9. O-O Re8 10. Nf4 e6 11. b3 Bd7 12. Bb2 Rc8 13. Qd2 Bf8 14. Rfd1 Qa5 15. a3 Ne7 16. Ncxd5 Qxd2 17. Nxf6+ Kh8 18. Rxd2 Red8 19. d5 Bg7 20. Nxd7 Rxd7 21. Bxg7+ Kxg7 22. Rad1 e5 23. Nd3 f6 24. e4 Rc3 25. Rc1 Rxc1+ 26. Nxc1 Nc8 27. Nd3 Nd6 28. Nc5 Kf7 29. Nxd7 1-0

[Event "DSOL 2022"]
[Site "Germany"]
[Date "2022.03.18"]
[Round "5.2"]
[White "Gustain, Marc"]
[Black "Happe, Reinhold"]
[Result "1/2-1/2"]
[WhiteElo "1485"]
[BlackElo "1612"]
[Annotator "NA RC"]
[PlyCount "42"]
[EventDate "2022.01.31"]
[EventType "team-tourn"]
[EventCountry "GER"]
[SourceTitle "playchess.com"]
[Source "ChessBase"]
[SourceQuality "1"]
[WhiteTeam "SF Deizisau II"]
[BlackTeam "SV Hellern I"]
[TimeControl "2700+15"]

1. e4 e5 2. Bc4 Nf6 3. d4 Nc6 4. Nf3 exd4 5. O-O Nxe4 6. Re1 d5 7. Bxd5 Qxd5 8. Nc3 Qd7 9. Nxe4 Be7 10. Bg5 O-O 11. Bxe7 Qxe7 12. Nxd4 Bd7 13. Nb3 Be6 14. Qh5 Rad8 15. c3 Rd5 16. Qf3 Rfd8 17. h3 h6 18. Ng3 Rd3 19. Qe2 R3d5 20. Rad1 Rxd1 21. Rxd1 Bxb3 1/2-1/2

[Event "DSOL 2022"]
[Site "Germany"]
[Date "2022.03.18"]
[Round "5.2"]
[White "Stangl, Anita"]
[Black "Guetschow, Martin"]
[Result "0-1"]
[WhiteElo "1463"]
[BlackElo "1567"]
[Annotator "NA"]
[PlyCount "60"]
[EventDate "2022.01.31"]
[EventType "team-tourn"]
[EventCountry "GER"]
[SourceTitle "playchess.com"]
[Source "ChessBase"]
[SourceQuality "1"]
[WhiteTeam "Bayern München II Amazonen"]
[BlackTeam "Segeberger SF"]
[TimeControl "2700+15"]

1. e4 e5 2. Nf3 Nf6 3. Nc3 Bb4 4. d3 d6 5. Bg5 h6 6. Bh4 Be6 7. Be2 Nbd7 8. O-O g5 9. Bg3 Nh5 10. a3 Ba5 11. b4 Bb6 12. Nd5 Bxd5 13. exd5 Nf4 14. a4 a5 15. b5 Nxd5 16. Qd2 f5 17. h3 Qf6 18. Rad1 O-O-O 19. c4 Ne7 20. d4 e4 21. Ne1 f4 22. Bh2 Nf5 23. Nc2 h5 24. f3 e3 25. Qc3 Rdg8 26. Rd3 g4 27. fxg4 hxg4 28. Rxf4 g3 29. Bxg3 Rxg3 30. Kh2 Qg5 0-1

[Event "DSOL 2022"]
[Site "Germany"]
[Date "2022.03.18"]
[Round "5.3"]
[White "Reindl, Jork"]
[Black "Melcher, Matthias"]
[Result "1-0"]
[WhiteElo "2012"]
[BlackElo "1579"]
[Annotator "ChessBase"]
[PlyCount "61"]
[EventDate "2022.01.31"]
[EventType "team-tourn"]
[EventCountry "GER"]
[SourceTitle "playchess.com"]
[Source "ChessBase"]
[SourceQuality "1"]
[WhiteTeam "Spraitbach"]
[BlackTeam "Moosburg"]
[TimeControl "2700+15"]

1. e4 c5 2. Nf3 d6 3. d4 cxd4 4. Nxd4 Nf6 5. Nc3 Nc6 6. f3 g6 7. Be3 Bg7 8. Qd2 O-O 9. g4 Nxd4 10. Bxd4 Be6 11. h4 a6 12. h5 b5 13. Nd5 Bxd5 14. exd5 e5 15. dxe6 Qe7 16. O-O-O Qxe6 17. Kb1 d5 18. Qh2 g5 19. h6 Nxg4 20. hxg7 Nxh2 21. gxf8=R+ Rxf8 22. Rxh2 Re8 23. Bd3 f5 24. a3 Qd7 25. Rg1 Kf8 26. Rxg5 Re1+ 27. Ka2 b4 28. Rxf5+ Ke8 29. Rxh7 Qxh7 30. Re5+ Qe7 31. Rxe7+ 1-0

[Event "DSOL 2022"]
[Site "Germany"]
[Date "2022.03.18"]
[Round "5.3"]
[White "Dietz, Andrae"]
[Black "Brockmann, Bernhard"]
[Result "1-0"]
[WhiteElo "1810"]
[BlackElo "1428"]
[Annotator "NA"]
[PlyCount "35"]
[EventDate "2022.01.31"]
[EventType "team-tourn"]
[EventCountry "GER"]
[SourceTitle "playchess.com"]
[Source "ChessBase"]
[SourceQuality "1"]
[WhiteTeam "Wittstock"]
[BlackTeam "Höxter"]
[TimeControl "2700+15"]

1. d4 d5 2. Bf4 Nf6 3. e3 e6 4. Nd2 Bd6 5. Bg3 Nc6 6. f4 b6 7. c4 Bb4 8. Ngf3 Ne4 9. a3 Bxd2+ 10. Nxd2 Nxg3 11. hxg3 Ba6 12. b4 dxc4 13. Qa4 Bb7 14. Nxc4 O-O 15. Rc1 Ne7 16. Qc2 Nf5 17. g4 Ng3 18. Qxh7# 1-0

[Event "DSOL 2022"]
[Site "Germany"]
[Date "2022.03.18"]
[Round "5.3"]
[White "Braeutigam, Alexander"]
[Black "Rosenkraenzer, Torsten"]
[Result "1/2-1/2"]
[WhiteElo "1677"]
[BlackElo "1873"]
[Annotator "NA"]
[PlyCount "124"]
[EventDate "2022.01.31"]
[EventType "team-tourn"]
[EventCountry "GER"]
[SourceTitle "playchess.com"]
[Source "ChessBase"]
[SourceQuality "1"]
[WhiteTeam "SK Doppelbauer Kiel I"]
[BlackTeam "Kölner SK Dr Lasker III"]
[TimeControl "2700+15"]

1. e4 c5 2. Nf3 d6 3. d4 cxd4 4. Qxd4 Nf6 5. h3 g6 6. c4 Nc6 7. Qe3 Bg7 8. Nc3 Nb4 9. Qd2 Be6 10. Be2 Rc8 11. b3 Na6 12. Bb2 Nc5 13. e5 dxe5 14. Qxd8+ Rxd8 15. Nxe5 Nfd7 16. Nxd7 Rxd7 17. Rd1 Ne4 18. Rxd7 Bxd7 19. Na4 Bxb2 20. Nxb2 Bc6 21. Bf3 O-O 22. Nd3 ({Better is} 22. Bxe4 $11 Bxe4 23. f3) 22... f5 (22... Rd8 $15 23. Ne5 Nc3 24. Nxc6 bxc6) 23. Nb4 Rc8 24. Nxc6 Rxc6 25. O-O Ra6 26. Bxe4 fxe4 27. a4 Rd6 28. Re1 Rd4 29. Kf1 (29. f3 $14 {feels stronger.}) 29... Kf7 30. Ke2 Rd3 31. Rb1 Kf6 32. f3 ({White should try} 32. b4 $11) 32... Ke5 33. c5 Kd4 34. fxe4 (34. b4 $15 {is more appropriate.}) 34... Kxe4 (34... Re3+ $15 35. Kf2 Rxe4) 35. b4 Ra3 36. a5 Ra2+ 37. Kf1 Kd4 38. Rd1+ Kc4 39. Rd7 Kxb4 40. Rxb7+ Kxc5 41. Rxa7 e5 42. Re7 Kd4 (42... Rxa5 43. Rxe5+ Kb6 44. Rxa5 Kxa5 45. Kf2 $18) 43. Rxh7 Rxa5 44. Rh6 $2 (44. g4 $11) 44... Ra6 45. h4 Ke3 46. Kg1 Kf4 ({Black should try} 46... e4 $17 47. h5 Ra1+ 48. Kh2 gxh5 49. Rxh5 Kd4) 47. Kh2 e4 48. Rh8 Re6 $11 49. Rf8+ Kg4 50. g3 e3 51. Rf4+ Kh5 52. Rf1 e2 53. Re1 Kg4 54. Kg2 Re8 55. Kf2 Re6 56. Ra1 e1=Q+ 57. Rxe1 Rxe1 58. Kxe1 Kxg3 59. h5 gxh5 60. Kf1 h4 61. Kg1 h3 62. Kh1 h2 1/2-1/2

[Event "DSOL 2022"]
[Site "Germany"]
[Date "2022.03.18"]
[Round "5.3"]
[White "Ankerst, Milka"]
[Black "Stark, Hans-Werner"]
[Result "0-1"]
[WhiteElo "1653"]
[BlackElo "1620"]
[Annotator "NA"]
[PlyCount "86"]
[EventDate "2022.01.31"]
[EventType "team-tourn"]
[EventCountry "GER"]
[SourceTitle "playchess.com"]
[Source "ChessBase"]
[SourceQuality "1"]
[WhiteTeam "Bayern München II Amazonen"]
[BlackTeam "Segeberger SF"]
[TimeControl "2700+15"]

1. e4 e5 2. Nf3 Nc6 3. Bc4 Nf6 4. d3 Be7 5. c3 d6 6. O-O Bg4 7. Nbd2 O-O 8. a4 a5 9. Re1 Be6 10. Qe2 Bxc4 11. Nxc4 h6 12. Ne3 Re8 13. Nf5 Bf8 14. h3 Kh7 15. Nh2 g6 16. Ne3 Bg7 17. Qf3 Qd7 18. Nhg4 Ng8 19. Nd5 f5 20. exf5 gxf5 21. Nge3 Rf8 22. Bd2 Nce7 23. b3 Ng6 24. Rac1 Rae8 25. c4 b6 26. Nf1 N8e7 27. Nxe7 Nxe7 28. Ng3 f4 29. Ne4 Nf5 30. Bc3 Re6 31. Kh2 Rg6 32. Rg1 c6 33. Nd2 Nh4 34. Qd1 e4 35. Nxe4 Bxc3 36. Rxc3 Qg7 37. Qf1 d5 38. cxd5 cxd5 39. g3 Nf3+ 40. Kh1 Nxg1 41. Qxg1 dxe4 42. Qc1 fxg3 43. dxe4 gxf2 0-1

[Event "DSOL 2022"]
[Site "Germany"]
[Date "2022.03.18"]
[Round "5.3"]
[White "Jelica, Mara"]
[Black "Lewin, Tammo"]
[Result "0-1"]
[WhiteElo "1620"]
[BlackElo "1716"]
[Annotator "NA"]
[PlyCount "100"]
[EventDate "2022.01.31"]
[EventType "team-tourn"]
[EventCountry "GER"]
[SourceTitle "playchess.com"]
[Source "ChessBase"]
[SourceQuality "1"]
[WhiteTeam "SF Deizisau II"]
[BlackTeam "SV Hellern I"]
[TimeControl "2700+15"]

1. e4 c5 2. Nf3 e6 3. d4 cxd4 4. Nxd4 Nc6 5. Nc3 Qc7 6. Be3 a6 7. Be2 b5 8. a3 Bb7 9. O-O Nf6 10. f3 Be7 11. Qe1 O-O 12. Qg3 Qxg3 13. hxg3 d6 14. Nxc6 Bxc6 15. Bd4 Rfd8 16. Rfd1 Nd7 17. Kf2 Nc5 18. b4 Nd7 19. a4 bxa4 20. Nxa4 d5 21. exd5 Bxd5 22. c3 Bb7 23. Nb6 Nxb6 24. Bxb6 Rxd1 25. Rxd1 Kf8 26. Rd7 Bc8 27. Rd1 Ke8 28. Bd4 f6 29. Bd3 Kf7 30. Be4 Rb8 31. Ba7 Rb5 32. Ra1 h6 33. Bd3 Rd5 34. Bxa6 Bxa6 35. Rxa6 Rd2+ 36. Kg1 Rc2 37. Ra3 Bd6 38. Kh2 h5 39. Be3 h4 40. Bf4 e5 41. Be3 e4 42. fxe4 Bxg3+ 43. Kh3 Kg6 44. b5 Re2 45. c4 Kh5 46. Ra8 Rxe3 47. Rh8+ Kg5 48. Rh7 g6 49. e5 Re1 50. Rxh4 Bxh4 0-1

[Event "DSOL 2022"]
[Site "Germany"]
[Date "2022.03.18"]
[Round "5.3"]
[White "Heldt, Maximilian"]
[Black "Olbrich, Leonard"]
[Result "1-0"]
[WhiteElo "1560"]
[BlackElo "1620"]
[Annotator "NA"]
[PlyCount "59"]
[EventDate "2022.01.31"]
[EventType "team-tourn"]
[EventCountry "GER"]
[SourceTitle "playchess.com"]
[Source "ChessBase"]
[SourceQuality "1"]
[WhiteTeam "Essen"]
[BlackTeam "Münster"]
[TimeControl "2700+15"]

1. e4 c6 2. c4 e6 3. Nc3 d5 4. cxd5 exd5 5. exd5 cxd5 6. Bb5+ Nc6 7. d4 Bb4 8. Nge2 Nge7 9. O-O O-O 10. a3 Ba5 11. Nf4 a6 12. Ba4 Bc7 13. Be3 Qd6 14. Bc2 Ng6 15. g3 Be6 16. Qh5 Qd7 17. Nxe6 Qxe6 18. Nxd5 Bb8 19. Nb6 Nxd4 20. Bxd4 Ba7 21. Nxa8 Bxd4 22. Nc7 Qd6 23. Qd5 Qxc7 24. Bxg6 Bxf2+ 25. Rxf2 hxg6 26. Raf1 Qb6 27. Kg2 Qc7 28. b4 Qe7 29. a4 Qd6 30. Qxd6 1-0

[Event "DSOL 2022"]
[Site "Germany"]
[Date "2022.03.18"]
[Round "5.3"]
[White "Fieberg, Samuel"]
[Black "Schaefer, Konstantin"]
[Result "1-0"]
[WhiteElo "1536"]
[BlackElo "1774"]
[Annotator "NA"]
[PlyCount "63"]
[EventDate "2022.01.31"]
[EventType "team-tourn"]
[EventCountry "GER"]
[SourceTitle "playchess.com"]
[Source "ChessBase"]
[SourceQuality "1"]
[WhiteTeam "SG Porz I"]
[BlackTeam "SG Leipzig"]
[TimeControl "2700+15"]

1. d4 Nf6 2. Bg5 Ne4 3. Bf4 c5 4. d5 e6 5. c4 Qf6 6. Qc1 Bd6 7. Nh3 exd5 8. f3 Bxf4 9. Nxf4 Qh4+ 10. g3 Nxg3 11. Ng2 Qh5 12. hxg3 Qxh1 13. Qe3+ Kd8 14. Qg5+ Kc7 15. Qxg7 Rd8 16. Nc3 Nc6 17. Qf6 d6 18. cxd5 Nd4 19. e3 Nf5 20. Nb5+ Kd7 21. Qxf7+ Ne7 22. Qe6+ Ke8 23. Nc7+ Kf8 24. Qf6+ Kg8 25. Qxe7 Bh3 26. Nxa8 Rxa8 27. Qh4 Bxg2 28. Qxh1 Bxh1 29. Kf2 Rf8 30. Be2 Rf5 31. Rxh1 Rxd5 32. Bc4 1-0

[Event "DSOL 2022"]
[Site "Germany"]
[Date "2022.03.18"]
[Round "5.3"]
[White "Lambert, Andreas"]
[Black "Schoene, Maria"]
[Result "1-0"]
[WhiteElo "1515"]
[BlackElo "1620"]
[Annotator "NA"]
[PlyCount "141"]
[EventDate "2022.01.31"]
[EventType "team-tourn"]
[EventCountry "GER"]
[SourceTitle "playchess.com"]
[Source "ChessBase"]
[SourceQuality "1"]
[WhiteTeam "Ludwigshafen"]
[BlackTeam "Magdeburg"]
[TimeControl "2700+15"]

1. Nf3 d6 2. e4 c5 3. Bb5+ Bd7 4. Bxd7+ Qxd7 5. c4 Nc6 6. Nc3 g6 7. d4 cxd4 8. Nxd4 Bg7 9. Nde2 Nf6 10. f3 O-O 11. O-O Qd8 12. Be3 Nd7 13. Qd2 a6 14. Rac1 Re8 15. b3 Rb8 16. a4 Nc5 17. Rb1 Nb4 18. Rfd1 Qc7 19. Nf4 b6 20. Nce2 Nc6 21. Nd5 Qd8 22. Qc2 a5 23. Nec3 Na6 24. Nb5 Nab4 25. Qd2 Na6 26. Qf2 Nc5 27. Kh1 Ne5 28. Qh4 Ned3 29. Rd2 Rb7 30. Nf4 Nxf4 31. Bxf4 Ne6 32. Be3 Qc8 33. Qf2 Qc6 34. Qe2 Be5 35. Rdd1 Rd8 36. Qd2 Bg7 37. Nc3 Nc5 38. Nd5 Rbd7 39. Bg5 Qb7 40. Qc2 Rc8 41. Bh4 Ne6 42. Qf2 Rc6 43. Bg3 Nc7 44. Qe2 Ne6 45. Rd2 Nd4 46. Qd1 Ne6 47. e5 Bh6 48. exd6 Bxd2 49. dxe7 Rxe7 50. Nxe7+ Qxe7 51. Qxd2 Qf6 52. Re1 Rc8 53. Be5 Qd8 54. Qe3 Rc6 55. Bb2 Qd6 56. h3 Rc8 57. Bc3 Rd8 58. Qh6 Qg3 59. Qe3 h5 60. Be5 Qh4 61. Kh2 Rd3 62. Qxd3 Qxe1 63. Bf6 h4 64. Qd6 Kh7 65. Qe5 Qd2 66. Qb8 Qf4+ 67. Qxf4 Nxf4 68. Bxh4 Nd3 69. Bd8 Nc5 70. Bxb6 Nxb3 71. c5 1-0

[Event "DSOL 2022"]
[Site "Germany"]
[Date "2022.03.18"]
[Round "5.3"]
[White "Klein, Christoph"]
[Black "Zimm, Justus"]
[Result "1/2-1/2"]
[WhiteElo "1425"]
[BlackElo "1766"]
[Annotator "NA"]
[PlyCount "113"]
[EventDate "2022.01.31"]
[EventType "team-tourn"]
[EventCountry "GER"]
[SourceTitle "playchess.com"]
[Source "ChessBase"]
[SourceQuality "1"]
[WhiteTeam "SF Heidesheim I"]
[BlackTeam "SK Heidenau I"]
[TimeControl "2700+15"]

1. e4 c5 2. Nf3 d6 3. d3 Nf6 4. g3 Nc6 5. Bg2 g6 6. O-O Bg7 7. Nc3 O-O 8. h3 Rb8 9. a4 a6 10. Be3 e5 11. Nh4 b5 12. axb5 axb5 13. f4 Nh5 14. Qe1 b4 15. Nd5 exf4 16. gxf4 Bxb2 17. Rb1 Bd4 18. f5 Bxe3+ 19. Nxe3 Nd4 20. c3 Ne2+ 21. Qxe2 Qxh4 22. Nd5 Bb7 23. Qg4 Qxg4 24. Ne7+ Kg7 25. hxg4 Kf6 26. gxh5 Kxe7 27. cxb4 cxb4 28. Rxb4 Ba6 29. f6+ Ke6 30. Rd4 Rb5 31. Bh3+ Ke5 32. Ra4 Bb7 33. Bg2 Ke6 34. Bh3+ Ke5 35. Bg2 Ke6 36. d4 Rg5 37. Ra7 Rxg2+ 38. Kxg2 Bxe4+ 39. Kg3 Bf5 40. Ra5 Kxf6 41. hxg6 hxg6 42. Re1 Rh8 43. Ra6 Rd8 44. Ra7 Be6 45. Kf4 g5+ 46. Ke4 d5+ 47. Kf3 Rc8 48. Ra3 Rc4 49. Ke3 Kf5 50. Rf1+ Kg6 51. Rb3 Rc8 52. Rh1 Re8 53. Kf3 Rc8 54. Ke3 Re8 55. Kf3 Bf5 56. Rb6+ Be6 57. Rb3 1/2-1/2

[Event "DSOL 2022"]
[Site "Germany"]
[Date "2022.03.18"]
[Round "5.3"]
[White "Will, Patrick"]
[Black "Erler, Rainer"]
[Result "0-1"]
[WhiteElo "1352"]
[BlackElo "2030"]
[Annotator "ChessBase"]
[PlyCount "68"]
[EventDate "2022.01.31"]
[EventType "team-tourn"]
[EventCountry "GER"]
[SourceTitle "playchess.com"]
[Source "ChessBase"]
[SourceQuality "1"]
[WhiteTeam "SK Bickenbach I"]
[BlackTeam "SK Dessau I"]
[TimeControl "2700+15"]

1. d4 d5 2. c4 e6 3. Nf3 c5 4. cxd5 exd5 5. g3 Nc6 6. Bg2 Nf6 7. O-O h6 8. Nc3 Be6 9. e3 Bd6 10. dxc5 Bxc5 11. Na4 Be7 12. b3 O-O 13. Bb2 Rc8 14. Nd4 Bg4 15. Qb1 Qd7 16. a3 Nxd4 17. Bxd4 Bf5 18. Qd1 Bc2 19. Qd2 Ne4 20. Bxe4 dxe4 21. Nc3 Bxb3 22. Nxe4 Bc4 23. Rfc1 Qg4 24. Nc3 Rfd8 25. Qd1 Qf5 26. g4 Qe6 27. Qf3 b5 28. Qf5 a6 29. Qxe6 Bxe6 30. f3 Rc4 31. Rd1 Rdxd4 32. Rxd4 Rxc3 33. Kf2 Rc2+ 34. Kg3 Bf6 0-1

[Event "DSOL 2022"]
[Site "Germany"]
[Date "2022.03.18"]
[Round "5.4"]
[White "Kuehn, Matthias"]
[Black "Braeutigam, Katerina"]
[Result "0-1"]
[WhiteElo "2017"]
[BlackElo "1683"]
[Annotator "TA"]
[PlyCount "74"]
[EventDate "2022.01.31"]
[EventType "team-tourn"]
[EventCountry "GER"]
[SourceTitle "playchess.com"]
[Source "ChessBase"]
[SourceQuality "1"]
[WhiteTeam "Kölner SK Dr Lasker III"]
[BlackTeam "SK Doppelbauer Kiel I"]

{[%evp 9,73,-3,7,-26,10,-18,-18,-31,-24,-29,-38,-47,0,-10,-4,-21,4,-30,-12,-14,120,0,14,-121,45,39,55,-170,-159,-166,-53,-118,-114,-98,-96,-104,-97,-177,-166,-235,-235,-331,-231,-207,-147,-293,-293,-545,-573,-582,-575,-558,-550,-587,-608,-579,-540,-29989,-29980,-29980,-29981,-29997,-29998,-29998,-29999,-29999]} 1. e4 c5 2. Nc3 d6 3. f4 g6 4. Nf3 Bg7 5. h3 Nc6 6. d3 {B23: Closed Sicilian: Lines without g3.} a6 7. a4 {[#]} e6 $146 ({Predecessor:} 7... Nf6 8. g4 h5 9. g5 Nd7 10. Bg2 Rb8 11. O-O b5 12. Nh4 Nd4 13. f5 Ne5 {1-0 (30) Sig Vargas,M (2117)-Baron Rodriguez,J (2346) Aragon 2009}) 8. g4 {The position is equal.} Nge7 9. Bg2 Qc7 10. O-O O-O (10... h5 $15 {deserves consideration.}) 11. Ne2 Bd7 12. c3 f5 13. Ng3 Rae8 14. Rf2 e5 (14... Na5 $11 {keeps the balance.}) 15. Qb3+ (15. gxf5 $16 {next Ng5 is good for White.} Qb6 16. fxe5 Nxe5 17. Bg5) 15... Kh8 $11 16. Ng5 {[#]} (16. gxf5 $11 gxf5 17. Ng5) 16... Nd8 $2 ({Much weaker is} 16... fxg4 $6 17. f5 $11) (16... exf4 $1 $17 17. Bxf4 fxg4 18. hxg4 (18. Nf7+ Rxf7 19. Qxf7 Rf8 $17) 18... Nd8) 17. gxf5 $14 gxf5 18. Bd2 $2 (18. Qd1 $1 $14 {stays ahead.}) 18... h6 $36 {[%mdl 2048] Black is really pushing.} 19. Nf3 Be6 ({Black should try} 19... fxe4 $19 20. dxe4 exf4) 20. Qc2 (20. Qd1 $15 exf4 21. Nh5) 20... fxe4 $17 21. dxe4 exf4 22. Nh5 {[#]} Ng6 {Inhibits Nh4.} 23. Nxg7 (23. e5 $17 {keeps fighting.} Bf5 24. exd6 Qxd6 25. Qd1) 23... Qxg7 $19 24. Raf1 (24. Kh1 $142) 24... Bc4 25. Re1 (25. Rd1 $142) 25... Nc6 {Threatens to win with ...Nce5.} 26. b3 Bg8 {White must now prevent ...Nge5.} 27. b4 (27. Kh1 $17) 27... Nce5 {And now ...Nxf3+ would win.} 28. Kh2 $2 {[#]} (28. Kh1 {was called for.}) 28... Nh4 $1 {[%mdl 512]} 29. Nxh4 Qg3+ 30. Kg1 {Nf5 is the strong threat.} Qxh4 31. Ref1 {[%cal Rd2f4]} f3 32. Bxf3 Bc4 ({Avoid the trap} 32... Rxf3 $2 33. Rxf3 Bh7 34. Re3 $19 (34. Rf8+ $2 Rxf8 35. Rxf8+ Kg7 $19)) 33. Be2 Qg3+ {Black mates.} 34. Rg2 Rxf1+ 35. Bxf1 Nf3+ 36. Kh1 Qxh3+ 37. Rh2 Qxh2# {Weighted Error Value: White=0.81/Black=0.39} 0-1